[Event "Olympiad Women-45"]
[Site "Budapest"]
[Date "2024.09.14"]
[Round "4.67"]
[White "Mutisya, Julie"]
[Black "Dlamini, Sincobile"]
[Result "1-0"]
[WhiteElo "1750"]
[BlackElo "1572"]
[PlyCount "47"]
[EventDate "2024.09.11"]
[EventType "team-swiss"]
[EventRounds "11"]
[EventCountry "HUN"]
[SourceTitle "EXT 2025"]
[Source "ChessBase"]
[SourceDate "2024.10.14"]
[SourceVersion "1"]
[SourceVersionDate "2024.10.14"]
[SourceQuality "1"]
[WhiteTeam "Kenya (W)"]
[BlackTeam "Eswatini (W)"]
[WhiteTeamCountry "KEN"]

1. d4 Nf6 2. Bf4 e6 3. e3 d5 4. Nd2 Bd6 5. Bg3 b6 6. c3 0-0 7. Bd3 c5 8. Ngf3 Qc7 9. Ne5 Nbd7 10. f4 Bb7 11. Qf3 Rac8 12. Bh4 cxd4 13. exd4 Rfe8 14. 0-0 g6 15. Rae1 Rf8 16. Qh3 Nh5 17. Re3 Nxe5 18. fxe5 Be7 19. Bf6 Bxf6 20. exf6 Kh8 21. g4 Nf4 22. Qh6 Rg8 23. Rxf4 e5 24. Rh3 1-0

[Event "Olympiad Women-45"]
[Site "Budapest"]
[Date "2024.09.11"]
[Round "1.53"]
[White "Dlamini, Sincobile"]
[Black "Bakalarz, Grazyna"]
[Result "0-1"]
[WhiteElo "1572"]
[BlackElo "1928"]
[PlyCount "80"]
[EventDate "2024.09.11"]
[EventType "team-swiss"]
[EventRounds "11"]
[EventCountry "HUN"]
[SourceTitle "EXT 2025"]
[Source "ChessBase"]
[SourceDate "2024.10.14"]
[SourceVersion "1"]
[SourceVersionDate "2024.10.14"]
[SourceQuality "1"]
[WhiteTeam "Eswatini (W)"]
[BlackTeam "Luxembourg (W)"]
[BlackTeamCountry "LUX"]

1. d4 Nf6 2. c4 g6 3. Nc3 d5 4. cxd5 Nxd5 5. e4 Nxc3 6. bxc3 Bg7 7. Nf3 c5 8. Bb5+ Bd7 9. Bxd7+ Nxd7 10. 0-0 0-0 11. Be3 Qa5 12. Qb3 b6 13. Rab1 Rac8 14. c4 cxd4 15. Bxd4 Bxd4 16. Nxd4 Nc5 17. Qc2 Rfd8 18. Rb5 Qa3 19. Nb3 Qa4 20. Rc1 Nd3 21. Nd2 Nc5 22. Qxa4 Nxa4 23. Rd5 e6 24. Rxd8+ Rxd8 25. Rc2 Rd3 26. f3 Kf8 27. Kf2 Ke7 28. Ke2 Rc3 29. Kd1 Kd6 30. Nb3 Rxc4 31. Rd2+ Kc7 32. Ke2 b5 33. Na5 Rc3 34. Rd3 Rc2+ 35. Rd2 Nc3+ 36. Kd3 Rxd2+ 37. Kxd2 Nxa2 38. Kd3 Nb4+ 39. Kd4 Nc6+ 40. Nxc6 Kxc6 0-1